| 000 | 00512nam a2200193Ia 4500 | ||
|---|---|---|---|
| 003 | GCL | ||
| 008 | 140319s9999 xx 000 0 eng d | ||
| 040 |
_aGCL / _cGCL |
||
| 082 | 0 | 4 |
_a069.5 _bM H |
| 100 | 1 | _aMUSEUM OF FINE ARTS | |
| 245 | 1 | 0 |
_aHANDBOOK OF THE MUSEUM OF FINE ARTS BOSTON / _cMUSEUM OF FINE ARTS |
| 260 |
_a[S.N] : _bMUSEUM OF FINE ARTS ، _c1961 |
||
| 300 | _a193 P | ||
| 650 | 0 | 4 | _aMUSEUMS |
| 650 | 0 | 4 | _aART - EGYPT |
| 650 | 0 | 4 | _aART - MUSEUMES |
| 650 | 0 | 4 | _aINDIA - ARTS |
| 942 |
_2ddc _cBK |
||
| 999 |
_c11901 _d11901 |
||